2026 INDYCAR Grid - Statistics

General Stats
  • This quiz has been taken 30 times
    24 since last reset
  • The average score is 15 of 26
Answer Stats
Team Driver % Correct
Andretti Will Power
100%
Andretti Marcus Ericsson
88%
Chip Ganassi Scott Dixon
82%
Chip Ganassi Alex Palou
76%
Arrow Mclaren Pato O'ward
76%
Andretti Kyle Kirkwood
71%
Penske Scott Mclaughlin
71%
RLL Mick Schumacher
65%
ECR Christian Rasmussen
59%
Penske David Malukas
59%
RLL Graham Rahal
59%
Arrow Mclaren Nolan Siegel
59%
MSR Felix Rosenqvist
53%
MSR Marcus Armstrong
53%
ECR Alex Rossi
47%
AJ Foyt Caio Collet
47%
Chip Ganassi Kyffin Simpson
47%
PREMA Robert Schwartzman
47%
AJ Foyt Santino Ferruci
47%
Juncos Hollinger Sting Ray Robb
47%
PREMA Callum Ilott
41%
Dayle Coyne Dennis Hauger
41%
Juncos Hollinger Rinus Veekay
41%
RLL Louis Foster
35%
Arrow Mclaren Christian Lungaard
29%
Penske Josef Newgarten
12%
No matching quizzes found
Score Distribution
Percent of People with Each Score
Percentile by Number Answered
Your Score History
You have not taken this quiz since the last reset